Handbuch für Pferdezüchter.

Uložené v:
Podrobná bibliografia
Hlavný autor: Lehndorff, Georg Graf
Médium: Kniha
Jazyk:Slovak
Vydané: 1921.
Fyzický popis: 371 s.+VIII+17+3.
Tagy: Pridať tag
Žiadne tagy, Buďte prvý kto otaguje tento záznam!

MARC

LEADER 00000nam a22000004a 4500
001 000569721
005 20180111091820.0
008 171222s1921 xo e 000 0 slo d
040 |a SVKKK  |b slo  |c SVKKK  |e AACR2 
100 1 |a Lehndorff, Georg Graf 
245 1 0 |a Handbuch für Pferdezüchter. 
260 |c 1921. 
300 |a 371 s.+VIII+17+3. 
500 |a Záznam revízie 
910 |a svkkk 
998 |a BK 
090 |g SCKHL  |k Sklad Pribinova 2. posch.  |a III.6895  |j 12697  |i 2720360173  |s Prezenčne